000 00394nam a2200169Ia 4500
100 _aJones/Capers
650 _aSoftware Engineering
942 _cBK
366 _f20
654 _asoftware engineering
245 _aSoftware Engineering:Best practices
260 _bTata Mc Graw hill Ltd.
_c2010
082 _a5.11
_bJON
300 _a660
546 _aENGLISH
_cPAMPHALETS
999 _c22259
_d22259